ILoquid : iniciatives Locals d'Ocupació per a la Qualitat i Dinamització del sector de Serveis d'Atenció a les iniciatives Locals d'Ocupació per a la Qualitat i Dinamització del sector de Serveis d'Atenció a les

Descripción Física: 35 p. : quadres ; 21 x 15 cm

MARC

LEADER 00000nam a2200000Ia 4500
001 23687
008 160829s2012 xx 000 0 cat d
080 |a FU-61-109 
245 |a ILoquid :  |b  iniciatives Locals d'Ocupació per a la Qualitat i Dinamització del sector de Serveis d'Atenció a les 
260 |a Barcelona :  |b Diputació de Barcelona. Àrea de Desenvolupament Econòmic i Ocupació. Àrea d'atenció a les Persones,  |c 2012 
300 |a 35 p. :  |b  quadres ;  |c 21 x 15 cm 
710 1 |a Barcelona (Catalunya : Província).  |b Diputació  |9 52408 
901 |a Arxiu 
942 |n 1 
952 |0 0  |1 0  |4 0  |6 FU61109  |7 1  |9 55654  |a Arxiu  |b Arxiu  |d 2016-12-01  |l 0  |o FU-61-109  |p 23687  |r 2016-12-01 00:00:00  |w 2016-12-01  |y ARXIU 
999 |c 59527  |d 59527